Soft-tissue lasers in dental hygiene / (Record no. 22267)
[ view plain ]
| 000 -LEADER | |
|---|---|
| fixed length control field | 01614cam a22003135a 4500 |
| 001 - CONTROL NUMBER | |
| control field | 17440648 |
| 005 - DATE AND TIME OF LATEST TRANSACTION | |
| control field | 20160828161655.0 |
| 008 - FIXED-LENGTH DATA ELEMENTS--GENERAL INFORMATION | |
| fixed length control field | 120824s2013 iaua frb 001 0 eng d |
| 010 ## - LIBRARY OF CONGRESS CONTROL NUMBER | |
| LC control number | 2012028348 |
| 020 ## - INTERNATIONAL STANDARD BOOK NUMBER | |
| International Standard Book Number | 9780470958544 |
| 020 ## - INTERNATIONAL STANDARD BOOK NUMBER | |
| International Standard Book Number | 0470958545 |
| 040 ## - CATALOGING SOURCE | |
| Original cataloging agency | DLC |
| Language of cataloging | eng |
| Transcribing agency | DLC |
| Modifying agency | EG-ScBUE |
| 042 ## - AUTHENTICATION CODE | |
| Authentication code | pcc |
| 082 04 - DEWEY DECIMAL CLASSIFICATION NUMBER | |
| Edition number | 22 |
| Classification number | 617.058 |
| Item number | BLA |
| 100 1# - MAIN ENTRY--PERSONAL NAME | |
| Personal name | Blayden, Jessica. |
| 9 (RLIN) | 40948 |
| 245 10 - TITLE STATEMENT | |
| Title | Soft-tissue lasers in dental hygiene / |
| Statement of responsibility, etc | Jessica Blayden, Angie Mott. |
| 260 ## - PUBLICATION, DISTRIBUTION, ETC. (IMPRINT) | |
| Place of publication, distribution, etc | Ames, Iowa : |
| Name of publisher, distributor, etc | Wiley-Blackwell, |
| Date of publication, distribution, etc | 2013. |
| 300 ## - PHYSICAL DESCRIPTION | |
| Extent | vii, 229 p. : |
| Other physical details | ill. (some col.) ; |
| Dimensions | 25 cm. |
| 500 ## - GENERAL NOTE | |
| General note | Index : p. 223-229. |
| 504 ## - BIBLIOGRAPHY, ETC. NOTE | |
| Bibliography, etc | Includes bibliographical references. |
| 505 0# - FORMATTED CONTENTS NOTE | |
| Formatted contents note | Laser history -- Laser physics -- Laser components -- Lasers available in dentistry -- Periodontal therapy -- What can be achieved with lasers: possible guided tissue regeneration -- Laser applications for the dental hygienist -- How to implement lasers in dental hygiene -- Communication skills for the dental hygienist -- Insurance codes: how is laser paid for? -- Laser cases. |
| 520 ## - SUMMARY, ETC. | |
| Summary, etc | The uses and benefits of soft-tissue lasers in dental hygiene practice are myriad. Lasers are used for more effective debridement, scaling and planning, with less pain and bleeding. Hygienists can detect sub- and supra-gingival calculus, remove the bacteria in pockets, and remove granulation, among other treatments. |
| 650 #7 - SUBJECT ADDED ENTRY--TOPICAL TERM | |
| Topical term or geographic name as entry element | Lasers in dentistry. |
| Source of heading or term | BUEsh |
| 9 (RLIN) | 39935 |
| 650 #7 - SUBJECT ADDED ENTRY--TOPICAL TERM | |
| Topical term or geographic name as entry element | Periodontics. |
| 9 (RLIN) | 39502 |
| 651 ## - SUBJECT ADDED ENTRY--GEOGRAPHIC NAME | |
| Source of heading or term | BUEsh |
| 653 ## - INDEX TERM--UNCONTROLLED | |
| Resource For college | |
| Arrived date list | August 2016 |
| 700 1# - ADDED ENTRY--PERSONAL NAME | |
| Personal name | Mott, Angie. |
| 9 (RLIN) | 40953 |
| 942 ## - ADDED ENTRY ELEMENTS (KOHA) | |
| Source of classification or shelving scheme | Dewey Decimal Classification |
| Edition | 22 |
| Call number prefix | 617.058 BLA |
| Withdrawn status | Item status | Source of classification or shelving scheme | Damaged status | Not for loan | Vendor | Home library | Current library | Shelving location | Date acquired | Source of acquisition | Cost, normal purchase price | Serial Enumeration / chronology | Total Checkouts | Total Renewals | Full call number | Barcode | Date last seen | Date last borrowed | Cost, replacement price | Koha item type |
|---|---|---|---|---|---|---|---|---|---|---|---|---|---|---|---|---|---|---|---|---|
| Dewey Decimal Classification | Academic Bookshop | Central Library | Central Library | First floor | 28/08/2016 | Purchase | 448.00 | 9126 | 1 | 2 | 617.058 BLA | 000033178 | 15/07/2025 | 25/02/2019 | 560.00 | Book - Borrowing |